Solar System - Multiple Choices - Statistics

General Stats
  • This quiz has been taken 71 times
  • The average score is 8 of 10
Answer Stats
Question Answer % Correct
Our Planet Earth
100%
The Largest Planet Jupiter
100%
The Red Planet Mars
100%
The Closest Planet to the Sun Mercury
100%
The Furthest Planet to the Sun Neptune
100%
The Largest Known Object in the Asteroid Belt Ceres
75%
The Largest Moon Ganymede
75%
The Coldest Planet Uranus
75%
The Hottest Planet Venus
75%
The Largest Known Object in the Kuiper Belt Eris
25%
No matching quizzes found
Score Distribution
Percent of People with Each Score
Percentile by Number Answered
Your Score History
You have not taken this quiz